000 00627nam a2200181 i 4500
001 73500
003 ES-MaACL
007 t|
008 040908s1975 sp ||||1| spa d
100 1 _aGómez-Heras, José María G.
_957978
245 1 0 _aCultura burguesa y restauración católica
_b: la asimilación de las categorías razón, libertad, y progreso en la Neoescolástica del siglo XIX /
_cJosé María G. Gómez-Heras.
260 _aSalamanca :
_bSígueme,
_c1975.
300 _a283 p. ;
_c25 cm.
490 1 _aLux Mundi
830 0 _aLux Mundi
_9182650
852 _aES-MaACL
_jE-7812
_bR.92237
999 _c73500
_d73500